[Event "European Blitz 2017"]
[Site "Katowice POL"]
[Date "2017.12.15"]
[Round "20.80"]
[White "Wiewiora, Eneasz"]
[Black "Sliwicki, Damian"]
[Result "1-0"]
[WhiteTitle "FM"]
[WhiteElo "2320"]
[BlackElo "2148"]
[WhiteFideId "1140396"]
[BlackFideId "1127128"]
[EventDate "2017.12.15"]
[EventType "blitz"]

1. e4 c5 2. c3 d5 3. exd5 Qxd5 4. d4 Nc6 5. Nf3 cxd4 6. cxd4 e5 7. Nc3 Bb4 8.
Bd2 Bxc3 9. Bxc3 e4 10. Ne5 Nxe5 11. dxe5 Qxd1+ 12. Rxd1 Ne7 13. Bb4 Nc6 14. Bb5
Bd7 15. Bxc6 Bxc6 16. Ke2 a5 17. Bc5 b6 18. Bxb6 O-O 19. Ke3 a4 20. Bc5 Rfe8 21.
Bd6 f6 22. exf6 gxf6 23. Rd2 Kf7 24. Rc1 Rac8 25. Rc3 Red8 26. g3 Ke6 27. Bf4
Rxd2 28. Kxd2 Rd8+ 29. Kc2 Bd5 30. b3 Ra8 31. Kb2 axb3 32. axb3 h5 33. h4 Ra7
34. Be3 Rb7 35. Bc5 Ke5 36. b4 f5 37. Ra3 f4 38. gxf4+ Kxf4 39. Kc3 Kg4 40. Ra6
Kxh4 41. Rg6 Kh3 42. Kd4 Bb3 43. Rg3+ Kh2 44. Rxb3 h4 45. Kxe4 h3 46. Bd6+ Kg2
47. Rg3+ Kxf2 48. Rxh3 Kg2 49. Rb3 Rb5 50. Bc5 Kf1 51. Kd5 Ke2 52. Kc6 Rb8 53.
b5 Kd2 54. b6 Kc2 55. Rh3 Rc8+ 56. Kd6 Rd8+ 57. Kc7 Rd5 58. Kc6 Rg5 59. b7 Rg8
60. Bd6 Rg4 61. b8=Q Rc4+ 62. Bc5 Re4 63. Qb3+ Kd2 64. Qd3+ Kc1 65. Rh1+ 1-0

[Event "European Blitz 2017"]
[Site "Katowice POL"]
[Date "2017.12.15"]
[Round "20.81"]
[White "Ustianovich, Nazar"]
[Black "Slabek, Grzegorz"]
[Result "1-0"]
[WhiteTitle "FM"]
[WhiteElo "2366"]
[BlackElo "1956"]
[WhiteFideId "14109778"]
[BlackFideId "1105531"]
[EventDate "2017.12.15"]
[EventType "blitz"]

1. Nf3 g6 2. d4 Bg7 3. e4 d5 4. exd5 Qxd5 5. c4 Qd8 6. h3 Nf6 7. Nc3 O-O 8. Be3
b6 9. Be2 Bb7 10. O-O Nbd7 11. Qc2 e6 12. Rad1 Qe7 13. Rfe1 Rfd8 14. Qc1 Ne4 15.
Nxe4 Bxe4 16. Bg5 Bf6 17. Bf4 Rac8 18. Nd2 Bb7 19. Bf3 Bxf3 20. Nxf3 Qb4 21. b3
a5 22. Bd2 Qf8 23. Bc3 Qg7 24. Bd2 c5 25. Bh6 Qh8 26. d5 exd5 27. Rxd5 Nf8 28.
Red1 Rxd5 29. cxd5 Rd8 30. Qf4 Nd7 31. Qc7 Nf8 32. Ne5 Bxe5 33. Qxd8 Bg7 34.
Bxg7 Qxg7 35. d6 Qc3 36. Qxf8+ Kxf8 37. d7 Kg7 38. d8=Q Qc2 39. Qd2 Qf5 40. Qc3+
f6 41. Qd3 Qe5 42. Qe3 Qc7 43. Qe6 Kh6 44. Qxf6 c4 45. Qf8+ Kh5 46. Rd5+ g5 47.
g4+ Kg6 48. Rd6+ Qxd6 49. Qxd6+ Kg7 50. bxc4 a4 51. Qxb6 a3 52. Qe6 h6 53. c5
Kh7 54. f3 Kg7 55. Kh1 Kh7 1-0

[Event "European Blitz 2017"]
[Site "Katowice POL"]
[Date "2017.12.15"]
[Round "20.82"]
[White "Mayans, Calvo, Mariano"]
[Black "Mis, Mieszko"]
[Result "0-1"]
[WhiteElo "2233"]
[BlackElo "2240"]
[WhiteFideId "2251426"]
[BlackFideId "1196448"]
[EventDate "2017.12.15"]
[EventType "blitz"]

1. e4 g6 2. Nc3 Bg7 3. f4 d6 4. Nf3 c5 5. Bc4 Nc6 6. d3 a6 7. a3 b5 8. Ba2 e6 9.
Be3 Nge7 10. O-O Nd4 11. Bf2 Bb7 12. Nxd4 cxd4 13. Ne2 Nc6 14. f5 exf5 15. exf5
O-O 16. fxg6 hxg6 17. Nf4 Qg5 18. Nh3 Qe7 19. Qg4 Ne5 20. Qg3 Rac8 21. Bb3 a5
22. a4 b4 23. Kh1 Qd7 24. Bxd4 Ng4 25. Bxg7 Kxg7 26. Ng5 d5 27. h3 Nh6 28. Rae1
Nf5 29. Qg4 Rce8 30. Qf4 Qc6 31. d4 Ba6 32. Rg1 Qb6 33. Re5 f6 34. Rxe8 Rxe8 35.
Nf3 Bc4 36. Bxc4 dxc4 37. Rd1 Ne3 38. Re1 Nd5 39. Qg3 Qc6 0-1

[Event "European Blitz 2017"]
[Site "Katowice POL"]
[Date "2017.12.15"]
[Round "20.83"]
[White "Sadzikowski, Daniel"]
[Black "Psyk, Radoslaw"]
[Result "0-1"]
[WhiteTitle "GM"]
[WhiteElo "2584"]
[BlackElo "2222"]
[WhiteFideId "1132253"]
[BlackFideId "1182838"]
[EventDate "2017.12.15"]
[EventType "blitz"]

1. c4 e5 2. g3 Nc6 3. Bg2 Bc5 4. Nc3 a6 5. e3 Nf6 6. Nf3 Ba7 7. O-O d6 8. Qc2
Ne7 9. d4 exd4 10. Nxd4 O-O 11. b3 c6 12. Bb2 h5 13. Rad1 h4 14. Nce2 hxg3 15.
hxg3 Ng4 16. Qc3 f6 17. Nf4 Re8 18. Rfe1 Nf5 19. Nxf5 Bxf5 20. Ba3 Bb8 21. Rd2
Qc8 22. Red1 Ba7 23. Re2 Ne5 24. f3 Nf7 25. g4 Bxg4 26. fxg4 Qxg4 27. Rf1 Ng5
28. c5 d5 29. Bc1 Bb8 30. Ref2 Be5 31. Qd3 Ne4 32. Rf3 Ng5 33. Qd1 Nxf3+ 34.
Qxf3 Qxf3 35. Bxf3 d4 36. Nd3 dxe3 37. Bxe3 Bc7 38. Bc1 Rad8 39. Nf2 Bb8 40. Ne4
f5 41. Nd6 Bxd6 42. cxd6 Rxd6 43. Bh5 g6 44. Bf3 Kf7 45. Kf2 Rh8 46. Bg2 Rh4 47.
Re1 Rd7 48. Bg5 Rhd4 49. Be3 Rd3 50. Rh1 Kf6 51. Rh8 g5 52. Rf8+ Ke5 53. Bxg5
Ke6 54. Rf6+ Ke5 55. Rf8 Ke6 56. Re8+ Kf7 57. Re2 Kg6 58. Bf4 R3d4 59. Be3 Rd3
60. Rc2 Rf7 61. Bf4 Rd4 62. Kg3 Rd3+ 63. Bf3 Kf6 64. Kf2 Rd4 65. Be3 Rh4 66. Rc1
Rh2+ 67. Kg3 Rxa2 68. Bd4+ Ke6 69. Re1+ Kd7 70. Kf4 Ra3 71. Bd1 Ra2 72. Rh1 Rd2
73. Be3 Rd6 74. Bc2 Rd5 75. Rh8 Kc7 76. b4 Rb5 77. Bd2 Rd5 78. Bc3 Re7 79. Rf8
Re2 80. Bb3 Rd3 81. Be5+ Rxe5 82. Rf7+ Kb6 83. Bc2 Re4+ 84. Kxf5 Rf3+ 0-1

[Event "European Blitz 2017"]
[Site "Katowice POL"]
[Date "2017.12.15"]
[Round "20.84"]
[White "Kumala, Aleksander"]
[Black "Kahleys, Kevin"]
[Result "1-0"]
[WhiteElo "2220"]
[BlackElo "2195"]
[WhiteFideId "1141880"]
[BlackFideId "24669601"]
[EventDate "2017.12.15"]
[EventType "blitz"]

1. e4 e6 2. d4 d5 3. Bd3 Nf6 4. e5 Nfd7 5. f4 c5 6. c3 Nc6 7. Nf3 f5 8. exf6
Nxf6 9. O-O Be7 10. Be3 Qb6 11. Qe2 Bd7 12. Ne5 c4 13. Bc2 Qxb2 14. Bg6+ hxg6
15. Qxb2 Bc8 16. Nxg6 Rh6 17. f5 Rh5 18. fxe6 Nd8 19. Nxe7 Kxe7 20. Nd2 Nxe6 21.
Rae1 Bd7 22. Qxb7 Rah8 23. Nf3 Ng4 24. Bg5+ Kd6 25. Rxe6+ Kxe6 26. Re1+ Kf5 27.
Qxd7+ Kg6 28. Qe6+ Nf6 29. Bxf6 gxf6 30. Ne5+ Rxe5 31. Rxe5 Rf8 32. Qf5+ Kg7 33.
Re7+ Rf7 34. Rxf7+ Kxf7 35. h4 a5 36. h5 a4 37. h6 a3 38. h7 Kg7 39. Kh2 Kh8 40.
Qg6 1-0

[Event "European Blitz 2017"]
[Site "Katowice POL"]
[Date "2017.12.15"]
[Round "20.85"]
[White "Budrewicz, Krzysztof"]
[Black "Balaian, Alina"]
[Result "0-1"]
[BlackTitle "WIM"]
[WhiteElo "2204"]
[BlackElo "2224"]
[WhiteFideId "1127950"]
[BlackFideId "24115347"]
[EventDate "2017.12.15"]
[EventType "blitz"]

1. d4 Nf6 2. Bg5 c5 3. Bxf6 gxf6 4. d5 Qb6 5. b3 d6 6. e4 Bg7 7. c3 f5 8. Bd3
fxe4 9. Bxe4 Nd7 10. Ne2 Ne5 11. O-O Bd7 12. Nd2 O-O-O 13. a4 f5 14. Bc2 Rdg8
15. h3 h5 16. f4 Ng6 17. Nc4 Qc7 18. Kh2 Bf6 19. Qd3 Rg7 20. Rf2 Rhg8 21. Ne3
Bh4 22. g3 Nxf4 23. Rxf4 Bxg3+ 24. Nxg3 Rxg3 25. c4 e5 26. Rxf5 Bxf5 27. Qxf5+
Kb8 28. Re1 Qg7 29. Qf2 Qg5 30. Re2 h4 31. Bf5 Rf3 32. Qg2 Qf4+ 0-1

[Event "European Blitz 2017"]
[Site "Katowice POL"]
[Date "2017.12.15"]
[Round "20.86"]
[White "Tomaszewski, Roman"]
[Black "Pavlidou, Ekaterini"]
[Result "0-1"]
[WhiteTitle "IM"]
[BlackTitle "WIM"]
[WhiteElo "2285"]
[BlackElo "2196"]
[WhiteFideId "1100637"]
[BlackFideId "4213262"]
[EventDate "2017.12.15"]
[EventType "blitz"]

1. c4 Nf6 2. Nc3 g6 3. g3 Bg7 4. Bg2 c5 5. e4 d6 6. Nge2 Nc6 7. O-O O-O 8. d3
Rb8 9. h3 a6 10. a4 Nd7 11. Rb1 Nd4 12. b4 cxb4 13. Rxb4 Nc5 14. Nxd4 Bxd4 15.
Ne2 e5 16. Nxd4 exd4 17. Bb2 a5 18. Rb5 Bd7 19. Bxd4 Bxb5 20. cxb5 Ne6 21. Bc3
Rc8 22. Qd2 b6 23. h4 Qc7 24. Rc1 Nd4 25. Kh1 Nb3 26. Qh6 f6 27. Rc2 Nd4 28.
Bxd4 Qxc2 29. Bxb6 Qxd3 30. Bxa5 Rc2 31. Bb6 Ra2 32. Be3 Ra1+ 33. Kh2 Qd1 34. b6
Rxa4 35. e5 dxe5 36. b7 Rb4 37. Ba7 Qd7 38. h5 Qg7 39. Qd2 Rxb7 40. Qd5+ Rbf7
41. Be3 Qh8 42. h6 f5 43. Bf1 Qf6 44. Bc4 Kh8 45. Bc5 Rc8 46. Ba3 Rfc7 47. Bd3
f4 48. Bb2 Re7 49. g4 Rce8 50. Be4 Rf8 51. Kg1 f3 52. Bc1 Qh4 53. Bxf3 Qf6 54.
Kg2 Ref7 0-1

[Event "European Blitz 2017"]
[Site "Katowice POL"]
[Date "2017.12.15"]
[Round "20.87"]
[White "Sabuk, Piotr"]
[Black "Smieszek, Wojciech"]
[Result "1-0"]
[WhiteTitle "IM"]
[WhiteElo "2382"]
[BlackElo "2185"]
[WhiteFideId "1137565"]
[BlackFideId "1156047"]
[EventDate "2017.12.15"]
[EventType "blitz"]

1. Nf3 Nf6 2. c4 c5 3. Nc3 Nc6 4. d4 cxd4 5. Nxd4 g6 6. e4 Bg7 7. Nc2 O-O 8. Be2
d6 9. O-O Be6 10. Be3 Qa5 11. f3 Rfc8 12. Qd2 Nd7 13. Rab1 Nce5 14. b4 Qd8 15.
c5 dxc5 16. bxc5 b6 17. c6 Rxc6 18. Nd4 Rd6 19. Ncb5 Nc4 20. Bxc4 Bxc4 21. Nxd6
Bxf1 22. Nc6 Qf8 23. Nb7 Ne5 24. Nxe5 Bxe5 25. Rxf1 Rb8 26. Qd5 Bg7 27. Rd1 Qc8
28. Qd8+ Qxd8 29. Rxd8+ Rxd8 30. Nxd8 Kf8 31. Nc6 a5 32. a4 Ke8 33. Bxb6 1-0

[Event "European Blitz 2017"]
[Site "Katowice POL"]
[Date "2017.12.15"]
[Round "20.88"]
[White "Cieslar, Michal"]
[Black "Reza, Wojciech"]
[Result "0-1"]
[WhiteElo "2032"]
[BlackElo "2283"]
[WhiteFideId "1141066"]
[BlackFideId "1151967"]
[EventDate "2017.12.15"]
[EventType "blitz"]

1. e4 c5 2. c4 Nc6 3. Nc3 e6 4. g3 Nd4 5. Bg2 Ne7 6. d3 Nec6 7. f4 g6 8. Be3 Bg7
9. Qd2 d6 10. Nf3 O-O 11. O-O Rb8 12. g4 f5 13. gxf5 gxf5 14. Kh1 Kh8 15. Rg1
Bf6 16. Ne2 b5 17. b3 bxc4 18. bxc4 Nxf3 19. Bxf3 Bxa1 20. Rxa1 Qf6 21. Rg1 Nd4
22. Bxd4 cxd4 23. Ng3 fxe4 24. Nxe4 Qxf4 25. Qxf4 Rxf4 26. Kg2 Bb7 0-1

[Event "European Blitz 2017"]
[Site "Katowice POL"]
[Date "2017.12.15"]
[Round "20.89"]
[White "Lewicki, Miroslaw"]
[Black "Baliasnyj, Timur"]
[Result "1/2-1/2"]
[WhiteTitle "CM"]
[WhiteElo "2404"]
[BlackElo "2220"]
[WhiteFideId "1113380"]
[BlackFideId "12802719"]
[EventDate "2017.12.15"]
[EventType "swiss"]

1. e4 c5 2. Nf3 g6 3. c4 Nc6 4. Nc3 Bg7 5. Be2 e6 6. O-O Nge7 7. d3 O-O 8. Be3
Nd4 9. Nd2 d5 10. exd5 exd5 11. cxd5 Nxd5 12. Bxd4 cxd4 13. Nxd5 Qxd5 14. Bf3
Qb5 15. Nc4 Be6 16. b3 Rfd8 17. Qd2 a5 18. Rfe1 Rd7 19. h3 a4 20. Rab1 axb3 21.
Rxb3 Qa6 22. Ra3 Qxa3 23. Nxa3 Rxa3 24. Qb4 Bf8 25. Qb2 Rxa2 26. Qb1 Ra3 27. Qb5
Rb3 28. Qa4 Ra3 29. Qc2 Rc3 30. Qe2 b5 31. Bg4 Rd6 32. Rb1 Rb6 33. Bxe6 Rxe6 34.
Qg4 Rxd3 35. Rxb5 Re1+ 36. Kh2 Bd6+ 37. g3 Rd2 38. Kg2 Ree2 39. Qf3 Rxf2+ 40.
Qxf2 Rxf2+ 41. Kxf2 f6 42. Rb7 Be5 43. Kf3 Kf8 44. Rxh7 Kg8 45. Rd7 Kf8 46. h4
Kg8 47. g4 Kf8 48. h5 gxh5 49. gxh5 Kg8 50. Ke4 1/2-1/2

[Event "European Blitz 2017"]
[Site "Katowice POL"]
[Date "2017.12.15"]
[Round "20.91"]
[White "Koscielski, Janusz"]
[Black "Michalski, Filip"]
[Result "1/2-1/2"]
[WhiteTitle "FM"]
[WhiteElo "2339"]
[BlackElo "2089"]
[WhiteFideId "4614437"]
[BlackFideId "1151371"]
[EventDate "2017.12.15"]
[EventType "blitz"]

1. e4 d6 2. d4 Nf6 3. Nc3 e5 4. Nf3 Nbd7 5. Bc4 Be7 6. O-O O-O 7. Re1 c6 8. a4
a5 9. b3 h6 10. Ba3 Nb6 11. Bf1 exd4 12. Nxd4 Re8 13. Qf3 d5 14. Bxe7 Rxe7 15.
exd5 Nbxd5 16. Nxd5 Nxd5 17. Bc4 Rxe1+ 18. Rxe1 Nf6 19. Nf5 Bxf5 20. Qxf5 Qd2
21. Rf1 Re8 22. h3 Qd4 23. Qxa5 Ne4 24. Qe1 Nd6 25. Qd1 Qxd1 26. Rxd1 Nxc4 27.
bxc4 Re4 28. Rd8+ Kh7 29. Rd7 Rxc4 30. Rxb7 Rxa4 31. Rxf7 Rc4 32. g3 Kg6 33. Re7
Rxc2 34. Kg2 Kf6 35. Rc7 c5 36. h4 c4 37. Kf3 Rc1 38. Rc5 g6 39. Ke4 c3 40. Rc6+
Kg7 41. Kf3 c2 42. Ke2 Kf7 43. Kf3 1/2-1/2

[Event "European Blitz 2017"]
[Site "Katowice POL"]
[Date "2017.12.15"]
[Round "20.92"]
[White "Koziol, Kamil"]
[Black "Brazdzionis, Andrius"]
[Result "0-1"]
[WhiteTitle "FM"]
[WhiteElo "2305"]
[BlackElo "2293"]
[WhiteFideId "1161555"]
[BlackFideId "12804479"]
[EventDate "2017.12.15"]
[EventType "blitz"]

1. e4 c5 2. Nf3 g6 3. d4 cxd4 4. Nxd4 Bg7 5. Nb3 Nc6 6. Be2 Nf6 7. Nc3 O-O 8.
O-O d6 9. Re1 Bd7 10. Bf1 Rc8 11. Bg5 h6 12. Be3 b6 13. f3 Ne5 14. Qd2 h5 15.
Bh6 Nc4 16. Bxc4 Rxc4 17. Bxg7 Kxg7 18. a4 Qc8 19. Kh1 h4 20. Nd4 Qc5 21. Nde2
Qh5 22. Nf4 Qh6 23. Rad1 Rfc8 24. Nfd5 Qxd2 25. Rxd2 Nxd5 26. exd5 Kf8 27. Rde2
e5 28. dxe6 Bxe6 29. Kg1 d5 30. Rd1 d4 31. Nb5 Rxc2 32. Rxc2 Rxc2 33. Nxd4 Rxb2
34. Nxe6+ fxe6 35. Rd7 a6 36. Rd4 h3 37. gxh3 b5 38. axb5 axb5 39. Rd7 b4 40.
Rb7 b3 41. h4 Ke8 42. Kh1 Kd8 43. h5 gxh5 44. h4 Kc8 45. Rb5 Kd7 46. Kg1 Kc6 47.
Rb8 Kd5 48. Rb6 Kc4 49. Rb8 Rc2 50. Rc8+ Kb4 0-1

[Event "European Blitz 2017"]
[Site "Katowice POL"]
[Date "2017.12.15"]
[Round "20.94"]
[White "Bednarczyk, Damian"]
[Black "Djuric, Stefan"]
[Result "1/2-1/2"]
[BlackTitle "GM"]
[WhiteElo "2227"]
[BlackElo "2383"]
[WhiteFideId "1137000"]
[BlackFideId "900133"]
[EventDate "2017.12.15"]
[EventType "blitz"]

1. Nf3 c5 2. c4 Nc6 3. g3 g6 4. Bg2 Bg7 5. O-O Nf6 6. Nc3 O-O 7. e4 d6 8. d3 a6
9. h3 Rb8 10. a4 Nd7 11. Be3 Nde5 12. Nxe5 Bxe5 13. f4 Bg7 14. Qe2 Nd4 15. Qf2
e6 16. g4 f5 17. exf5 gxf5 18. Qg3 Kh8 19. Rae1 Nc2 20. Kh2 Nxe1 21. Rxe1 Bd7
22. Bd2 Qb6 23. gxf5 Rxf5 24. Be4 Qxb2 25. Nb1 Rg8 26. Bxf5 exf5 27. Re7 Bc6 28.
Qe1 Bf6 29. Re2 Qd4 30. Be3 Qa1 31. a5 Qa4 32. Bd2 Qb3 33. Bc3 Bxc3 34. Qxc3+
Qxc3 35. Nxc3 Kg7 36. Nd5 Bxd5 37. cxd5 Kf7 38. Rb2 Rb8 39. Rb6 Ke7 40. Kg3 Kd7
41. Kh4 Kc7 42. Kg5 Re8 43. Kxf5 Re3 44. h4 Rxd3 45. Ke6 Re3+ 46. Kf5 Rd3 47.
Ke6 Re3+ 48. Kf5 Rd3 49. Kg5 Rxd5+ 50. f5 c4 51. Kf6 Rc5 52. Rb2 c3 53. Rc2 Kd7
54. h5 d5 55. Ke5 Kc6 56. f6 Kd7 57. h6 Ke8 58. Kd4 Rc6 59. Kxd5 Kf7 60. Ke5
Rc5+ 61. Kd6 Rxa5 62. Rxc3 Kxf6 63. Rc7 Rb5 64. Rxh7 Kg6 65. Rh8 a5 66. Kc7 a4
67. Ra8 Rb4 68. Rh8 Rb3 69. h7 Kg7 70. Ra8 Kxh7 71. Rxa4 Kg6 72. Kd6 Kf6 73. Kc5
Ke6 74. Rb4 Rxb4 75. Kxb4 b6 76. Kc4 b5+ 77. Kb3 b4 78. Kb2 b3 79. Ka1 1/2-1/2

[Event "European Blitz 2017"]
[Site "Katowice POL"]
[Date "2017.12.15"]
[Round "20.95"]
[White "Babanin, Gleb"]
[Black "Kaleta, Blazej"]
[Result "1-0"]
[WhiteElo "2094"]
[BlackElo "2110"]
[WhiteFideId "34152536"]
[BlackFideId "1170252"]
[EventDate "2017.12.15"]
[EventType "swiss"]

1. e4 c5 2. Nf3 e6 3. g3 a6 4. Bg2 Qc7 5. O-O d6 6. c3 Nf6 7. Re1 Be7 8. d4 cxd4
9. cxd4 O-O 10. Nc3 b5 11. a3 Bb7 12. Bf4 Nbd7 13. Nd2 Qb6 14. Be3 Qd8 15. e5
Nd5 16. Nxd5 Bxd5 17. Bxd5 exd5 18. f4 Nb6 19. Qf3 Rc8 20. Rac1 dxe5 21. fxe5
Qd7 22. Rxc8 Rxc8 23. Rf1 Bf8 24. Qd1 Na4 25. Qb3 Qc6 26. Nf3 Qc4 27. Qxc4 bxc4
28. Bc1 Rb8 29. Rf2 a5 30. Ng5 Rb7 31. h4 h6 32. Nh3 c3 33. bxc3 Rb1 34. Rf1
Nxc3 35. Kf2 Na2 36. Bd2 Rb2 37. Ke3 Rb3+ 38. Kf2 a4 39. Nf4 Bxa3 40. Nxd5 Bb2
41. Be3 a3 42. Rd1 Rb5 43. Ne7+ Kf8 44. Nf5 Nc3 45. Nd6 Nxd1+ 46. Ke2 Nc3+ 1-0

[Event "European Blitz 2017"]
[Site "Katowice POL"]
[Date "2017.12.15"]
[Round "20.96"]
[White "Szadkowski, Krzysztof"]
[Black "Heinzel, Olaf"]
[Result "0-1"]
[BlackTitle "IM"]
[WhiteElo "2138"]
[BlackElo "2360"]
[WhiteFideId "1125060"]
[BlackFideId "4626664"]
[EventDate "2017.12.15"]
[EventType "blitz"]

1. e4 d5 2. exd5 Qxd5 3. Nc3 Qd6 4. Nf3 Nf6 5. d4 c6 6. Be3 Bg4 7. Be2 e6 8. Qd2
Qc7 9. O-O-O Nbd7 10. Kb1 Bb4 11. Bd3 a5 12. Rhe1 O-O 13. h3 Bxf3 14. gxf3 b5
15. Rg1 Rfc8 16. Bf4 Qa7 17. Be5 g6 18. h4 Nxe5 19. dxe5 Nd5 20. h5 Bxc3 21.
bxc3 Qc5 22. hxg6 hxg6 23. Bxg6 Nxc3+ 24. Ka1 Qxe5 25. f4 Qf6 26. Bh5+ Kf8 27.
Qd6+ Qe7 28. Qe5 Qa3 29. Qd6+ Qxd6 30. Rxd6 Ke7 31. Rd3 Nd5 32. f5 Nf4 33. f6+
Kxf6 34. Rf3 e5 35. Bg4 Rg8 36. Rfg3 Rad8 37. Bf3 Rxg3 38. fxg3 Nd5 39. Rf1 Ke6
40. Kb2 f5 41. c4 bxc4 42. g4 f4 43. Be4 Ne3 44. Rh1 Nxg4 45. Bxc6 Kf5 46. Rh5+
Kg6 47. Rh4 Kg5 48. Rh7 Nf6 49. Ra7 e4 50. Rxa5+ Kg4 51. Ra6 e3 52. Bg2 Rf8 53.
Re6 Kg3 54. Bf1 Ng4 55. Kc3 Kf2 56. Bh3 Nf6 57. Kxc4 Nh5 58. a4 Ng3 59. Bg4 f3
60. a5 Rf4+ 61. Kc5 Rxg4 62. a6 Ra4 63. Kb5 Ra1 64. Kb6 e2 65. a7 e1=Q 66. Rxe1
Kxe1 67. Kb7 Rxa7+ 68. Kxa7 f2 0-1

[Event "European Blitz 2017"]
[Site "Katowice POL"]
[Date "2017.12.15"]
[Round "20.98"]
[White "Amores Gago, Javier"]
[Black "Smolin, Sergey1"]
[Result "1-0"]
[BlackTitle "IM"]
[WhiteElo "2139"]
[BlackElo "2153"]
[WhiteFideId "32004192"]
[BlackFideId "4131177"]
[EventDate "2017.12.15"]
[EventType "blitz"]

1. e4 g6 2. Nc3 Bg7 3. g3 b6 4. Bg2 Bb7 5. d3 f5 6. f4 Nf6 7. Qe2 O-O 8. Nf3
fxe4 9. dxe4 e6 10. O-O Na6 11. Be3 Nxe4 12. Nxe4 Bxe4 13. Qxa6 Bxc2 14. Qc4 Bf5
15. Bd4 Rc8 16. Bxg7 Kxg7 17. Rfd1 d5 18. Qc3+ Qf6 19. Rac1 c5 20. Ne5 h5 21.
Qd2 Rfd8 22. Qe2 Rh8 23. Nd7 Qe7 24. Ne5 Qf6 25. Nf3 Rhe8 26. Qe5 Qxe5 27. Nxe5
Rc7 28. h3 g5 29. fxg5 d4 30. h4 Rcc8 31. Bf3 Bg6 32. Nxg6 Kxg6 33. Be4+ Kg7 34.
Rf1 c4 35. g6 Re7 36. Rfd1 Rd7 37. Kf2 Rc5 38. b4 Rcc7 39. Ke2 b5 40. Kd2 a5 41.
a3 axb4 42. axb4 Ra7 43. Ra1 Ra4 44. Rxa4 bxa4 45. Ra1 Ra7 46. b5 Ra5 47. b6 Rb5
48. b7 Rb2+ 49. Kc1 Rb4 50. Rxa4 Rxa4 51. b8=Q Ra1+ 52. Kb2 Re1 53. Qe5+ Kf8 54.
Qf6+ Ke8 55. Qxe6+ Kd8 56. Qd6+ Kc8 57. Bf5+ Kb7 58. Qxd4 Re2+ 59. Kc1 c3 60.
Qb4+ Ka7 61. Qd4+ Kb7 62. Be4+ Kc7 63. Qxc3+ Kb6 64. Qd4+ Ka5 65. Qd2+ 1-0

[Event "European Blitz 2017"]
[Site "Katowice POL"]
[Date "2017.12.15"]
[Round "20.99"]
[White "Terbe, Julianna"]
[Black "Pribyl, Josef"]
[Result "0-1"]
[WhiteTitle "WIM"]
[BlackTitle "IM"]
[WhiteElo "2259"]
[BlackElo "2263"]
[WhiteFideId "708780"]
[BlackFideId "300187"]
[EventDate "2017.12.15"]
[EventType "blitz"]

1. e4 d6 2. d4 Nf6 3. Nc3 c6 4. f4 Qa5 5. Bd3 e5 6. Nf3 Bg4 7. dxe5 dxe5 8. O-O
Nbd7 9. h3 Bxf3 10. Qxf3 exf4 11. Bxf4 Ne5 12. Qe2 Bd6 13. Bg5 Nfd7 14. Qh5 O-O
15. Bd2 Qc5+ 16. Kh1 Nxd3 17. Rf5 N3e5 18. Bh6 Rfe8 19. Bxg7 Kxg7 20. Raf1 f6
21. Ne2 Qxc2 22. Nf4 0-1

[Event "European Blitz 2017"]
[Site "Katowice POL"]
[Date "2017.12.15"]
[Round "20.100"]
[White "Nasibullin, Iskander"]
[Black "Dudzinski, Pawel"]
[Result "1-0"]
[BlackTitle "FM"]
[WhiteElo "2088"]
[BlackElo "2241"]
[WhiteFideId "34124273"]
[BlackFideId "1117890"]
[EventDate "2017.12.15"]
[EventType "blitz"]

1. e4 c6 2. c4 d5 3. exd5 cxd5 4. cxd5 Nf6 5. Nc3 Nxd5 6. Nf3 e6 7. d4 Bb4 8.
Bd2 Nc6 9. Bd3 O-O 10. O-O Nf6 11. Bg5 Be7 12. Qd2 Nb4 13. Bb1 Nbd5 14. Rd1 b6
15. a3 Bb7 16. Bd3 Rc8 17. Rac1 Nxc3 18. bxc3 Bxf3 19. gxf3 Bxa3 20. Ra1 Qe7 21.
Bxf6 gxf6 22. Qh6 f5 23. Rxa3 Kh8 24. Rda1 Rg8+ 25. Kf1 Rg6 26. Qh5 a5 27. Ke2
Rg5 28. Qh6 Rg6 29. Qe3 Qd6 30. Qe5+ Qxe5+ 31. dxe5 Rg2 32. Rb3 Rxh2 33. Rxb6
Rxc3 34. Rg1 Rc8 35. Ra6 Rg8 36. Rxg8+ Kxg8 37. Rxa5 Rh4 38. Ke3 f4+ 39. Ke4 Rh2
40. Kxf4 Rxf2 41. Kg3 Rd2 42. Be4 Rd7 43. Ra1 Kg7 44. Rh1 h6 45. Kf4 Ra7 46.
Rg1+ Kf8 47. Kg4 Ra2 48. Rg3 Rb2 49. Rh3 Rg2+ 50. Kf4 Rb2 51. Rxh6 Kg7 52. Rh7+
Kg8 53. Rh1 Kg7 54. Rg1+ Kf8 55. Kg5 Rh2 56. Rb1 Kg7 57. Rb7 Rg2+ 58. Kf4 Rg1
59. Ke3 Rg2 60. f4 Rg3+ 61. Kf2 Rb3 62. Rxb3 1-0

[Event "European Blitz 2017"]
[Site "Katowice POL"]
[Date "2017.12.15"]
[Round "21.2"]
[White "Michalik, Peter"]
[Black "Aleksandrov, Aleksej"]
[Result "1-0"]
[WhiteTitle "GM"]
[BlackTitle "GM"]
[WhiteElo "2557"]
[BlackElo "2589"]
[WhiteFideId "14907526"]
[BlackFideId "13500139"]
[EventDate "2017.12.15"]
[EventType "blitz"]

1. d4 Nf6 2. c4 e6 3. Nf3 d5 4. g3 Bb4+ 5. Bd2 Bd6 6. Qc2 Nbd7 7. Bg2 c6 8. O-O
O-O 9. b3 Ne4 10. Bc1 b6 11. Ba3 Bxa3 12. Nxa3 Bb7 13. Rfd1 Qe7 14. Qb2 c5 15.
cxd5 Bxd5 16. Nb5 Rfc8 17. Rac1 a6 18. Nc3 Nxc3 19. Rxc3 cxd4 20. Nxd4 Bxg2 21.
Kxg2 Nc5 22. Nf3 Rd8 23. Rxd8+ Rxd8 24. Qc2 a5 25. a3 h6 26. Qc1 Qb7 27. Qe3 Rc8
28. Rc4 Nd7 29. Rd4 Nf6 30. Qd2 Qc6 31. Rc4 Qb7 32. Qc2 Rxc4 33. Qxc4 g5 34. h3
Qd5 35. Qxd5 Nxd5 36. Ne5 f5 37. Kf3 Kf8 38. e4 fxe4+ 39. Kxe4 Ke7 40. a4 Nf6+
41. Kd4 Nd5 42. Kc4 Nc7 43. Nc6+ Kd6 44. Nd4 1-0

[Event "European Blitz 2017"]
[Site "Katowice POL"]
[Date "2017.12.15"]
[Round "21.3"]
[White "Navara, David"]
[Black "Kovalenko, Igor"]
[Result "1/2-1/2"]
[WhiteTitle "GM"]
[BlackTitle "GM"]
[WhiteElo "2740"]
[BlackElo "2639"]
[WhiteFideId "309095"]
[BlackFideId "14117908"]
[EventDate "2017.12.15"]
[EventType "blitz"]

1. e4 e6 2. d4 d5 3. Nd2 c5 4. Ngf3 cxd4 5. Nxd4 Nc6 6. Bb5 Bd7 7. Nxc6 bxc6 8.
Bd3 Bd6 9. Qe2 Ne7 10. Nf3 h6 11. c4 O-O 12. O-O a5 13. Re1 a4 14. Bd2 Rb8 15.
Bc3 Bb4 16. Ne5 Bxc3 17. bxc3 Be8 18. Rad1 Qa5 19. exd5 cxd5 20. cxd5 Nxd5 21.
c4 Nf6 22. Rc1 Qc5 23. Qe3 Rc8 24. Qxc5 Rxc5 25. f4 Bd7 26. Rb1 Rfc8 27. Rb7 Be8
28. g3 Kf8 29. Reb1 Rd8 30. Rb8 Rxb8 31. Rxb8 Rc7 32. Kf2 Ke7 33. Ke3 g5 34. a3
gxf4+ 35. gxf4 Nd7 36. Nxd7 Rxd7 37. c5 Rd5 38. Rb7+ Kd8 39. Rb8+ Ke7 40. Rc8
Bd7 41. Rh8 Rxc5 42. Rxh6 Rc3 43. Rh5 Rxa3 44. Ra5 Kf6 45. h4 Ra1 46. h5 a3 47.
h6 Rh1 48. h7 Rh3+ 49. Kd4 Rh4 50. Ra8 Bc6 51. h8=Q+ Rxh8 52. Rxh8 a2 1/2-1/2